2026 Winter Paralympics Medal Table - Statistics

General Stats
  • This quiz has been taken 12 times
  • The average score is 17 of 20
Answer Stats
G S B Country % Correct
15 13 16 China
100%
0 2 0 Finland
100%
0 3 1 Japan
100%
2 1 1 Spain
100%
3 0 4 Sweden
100%
13 5 6 United States
100%
7 2 4 Austria
90%
4 4 4 France
90%
2 4 2 Norway
90%
8 1 3 Russia
90%
2 4 1 South Korea
90%
2 2 2 Switzerland
90%
3 4 8 Canada
80%
2 6 9 Germany
80%
7 7 2 Italy
80%
3 8 8 Ukraine
80%
3 3 1 Netherlands
70%
1 0 1 Kazakhstan
60%
1 4 1 Czechia
50%
1 1 0 Belarus
30%
No matching quizzes found
Score Distribution
Percent of People with Each Score
Percentile by Number Answered
Your Score History
You have not taken this quiz